根据描述猜百胜中国旗下品牌 Guess the brand of Yum China based on the description - Statistics

General Stats
  • This quiz has been taken 32 times
    31 since last reset
  • The average score is 4 of 6
Answer Stats
描述 品牌 % Correct
按2023年系统销售额计算,**是中国领先及最大的快餐(QSR)品牌。**于1987年在北京开设其于中国大陆的第一家餐厅。截至2024年3月底,**已在中国2,000多个城市开设了10,000余家餐厅。(具体品类描述省略) 肯德基
100%
按2023年的系统销售额及截至2023年12月31日的餐厅数目计算,**是中国领先及最大的休闲餐饮(CDR)品牌。从1990年在北京开出中国大陆第一家餐厅以来,截至2024年3月底,**在中国700多个城市开设了3,400多家餐厅。(具体品类描述省略) 必胜客
96%
**是中国家喻户晓的火锅餐厅。于1999年在内蒙古成立,截至2024年3月底,**已在中国和海外开设约160家门店。 小肥羊
61%
**是全球领先的西式快餐品牌,专门提供墨西哥风味食品,包括塔可、布里特卷、芝士烤饼、沙拉、玉米片及类似产品。2016年12月,**正式来到中国,在上海开设第一家门店。截至2024年3月底,**在中国有大约90家餐厅。我们持续创新及研发新菜单,以满足中国消费者不断变化的口味喜好。 塔可钟
50%
**是中国领先的中式休闲连锁餐饮品牌,以焖锅烹饪方式闻名遐迩。**在2004年成立,其总部位于北京。截至2024年3月底,**已在中国和海外开设约630家门店。 黄记煌
32%
Luigi **于1895年在意大利都灵创建的**是世界闻名的意大利殿堂级家族经营咖啡品牌。2020年初,百胜中国与 ** 集团成立合资公司在中国探索和发展 **咖啡店品牌概念。2020年4月,意大利境外首家**咖啡旗舰店在上海开业。消费者喜爱**咖啡店所提供的高品质咖啡、纯正意式美食,以及独具意大利风情的咖啡店体验。截至2024年3月底,**咖啡店在中国已拓展到约120家门店。 拉瓦萨(Lavazza)
14%
No matching quizzes found
Score Distribution
Percent of People with Each Score
Percentile by Number Answered
Your Score History
You have not taken this quiz since the last reset